[Event "26th WSCC 2016 Open 65+"]
[Site "Marianske Lazne, Czech Republic - Hotel Cristal and Continental"]
[Date "2016.11.22"]
[Round "4.110"]
[White "Abel, Hans-Peter"]
[Black "Tveten, Per"]
[Result "1-0"]
[WhiteElo "1923"]
[BlackElo "1523"]
[PlyCount "93"]
[EventDate "2016.11.19"]

1. Nf3 Nc6 2. d4 d5 3. g3 Nf6 4. Bg2 h6 5. a3 e6 6. O-O Bd6 7. c3 O-O 8. Re1
Re8 9. Nbd2 e5 10. dxe5 Nxe5 11. Qc2 Ng6 12. c4 c6 13. c5 Bc7 14. Nd4 Be5 15.
N2f3 Ne4 16. Nxe5 Rxe5 17. f3 Nf6 18. b4 Bd7 19. Bb2 Re8 20. Rad1 Ne5 21. Bc1
b5 22. cxb6 Qxb6 23. Qc3 Nc4 24. Kh1 a5 25. e4 axb4 26. axb4 Rab8 27. exd5
Rxe1+ 28. Rxe1 cxd5 29. b5 Bxb5 30. Bf4 Re8 31. Rb1 Qa5 32. Qxa5 Nxa5 33. Nxb5
g5 34. Bc7 Nc4 35. Nd6 Re3 36. Nf5 Re8 37. Nxh6+ Kg7 38. Nf5+ Kg6 39. Nd6 Re3
40. Nxc4 dxc4 41. Rc1 c3 42. Ba5 Nd5 43. Kg1 Rd3 44. Rc2 f5 45. Kf2 f4 46. Bf1
Ne3 47. Bxd3+ 1-0

[Event "26th WSCC 2016 Open 65+"]
[Site "Marianske Lazne, Czech Republic - Hotel Cristal and Continental"]
[Date "2016.11.22"]
[Round "4.111"]
[White "Biza, Miroslav"]
[Black "Drozdov, Vladimir E"]
[Result "1-0"]
[WhiteElo "1728"]
[BlackElo "1919"]
[PlyCount "135"]
[EventDate "2016.11.19"]

1. d4 d5 2. Bf4 Nf6 3. e3 e6 4. Bb5+ c6 5. Bd3 Nbd7 6. Nf3 Be7 7. O-O O-O 8.
Ne5 Qb6 9. b3 Rd8 10. c4 Nxe5 11. Bxe5 c5 12. dxc5 Qxc5 13. Nd2 Bd7 14. cxd5
Qxd5 15. Nf3 Bc6 16. Be2 Qa5 17. b4 Bxb4 18. Qb3 Be7 19. Bc3 Qd5 20. Qb2 Rac8
21. Rfd1 Qe4 22. Bf1 Ba4 23. Rd4 Rxd4 24. Nxd4 Nd5 25. Be1 b6 26. Rc1 Rd8 27.
Rc4 Bd7 28. Nc6 Qg6 29. Nxd8 Bxd8 30. Qc2 Qxc2 31. Rxc2 f5 32. a4 Kf7 33. Bb5
Ke7 34. Bxd7 Kxd7 35. Kf1 Bc7 36. Ke2 Kc8 37. f3 Kb7 38. g3 a6 39. e4 Nf6 40.
Kd3 Nd7 41. Bb4 Ne5+ 42. Ke2 Nc6 43. Bc3 g6 44. Rd2 Kc8 45. exf5 exf5 46. f4
Nd8 47. Be5 Ne6 48. Bxc7 Kxc7 49. Rd5 Kc6 50. Re5 Kd6 51. a5 bxa5 52. Rxa5 Nc5
53. Ke3 Kc6 54. Ra2 Kb5 55. Kd4 Kb4 56. Kd5 Na4 57. Ke5 a5 58. Kf6 Nc3 59. Rb2+
Kc4 60. Rb8 a4 61. Kg7 a3 62. Ra8 a2 63. Kxh7 Kb3 64. Rxa2 Kxa2 65. Kxg6 Kb3
66. h4 Ne4 67. h5 Nxg3 68. h6 1-0

[Event "26th WSCC 2016 Open 65+"]
[Site "Marianske Lazne, Czech Republic - Hotel Cristal and Continental"]
[Date "2016.11.22"]
[Round "4.112"]
[White "Baumann, Hanspeter"]
[Black "Brda, Vlastimil"]
[Result "1-0"]
[WhiteElo "1911"]
[BlackElo "1234"]
[PlyCount "67"]
[EventDate "2016.11.19"]

1. e4 d6 2. d4 Nd7 3. f4 c6 4. Bc4 g6 5. Nf3 e6 6. O-O Nb6 7. Bb3 Bg7 8. Qe2
Bd7 9. c3 h6 10. f5 g5 11. fxe6 fxe6 12. Ne1 h5 13. e5 Qe7 14. exd6 Qxd6 15.
Bxg5 Ne7 16. Bf4 e5 17. dxe5 Qc5+ 18. Kh1 Nbd5 19. e6 Bc8 20. Be5 Bxe5 21. Qxe5
Ng6 22. Qg5 Nge7 23. c4 Qe3 24. Qg7 Rg8 25. Qf7+ Kd8 26. cxd5 cxd5 27. Qf2 Qxe6
28. Nc3 Bd7 29. Rd1 Qc6 30. Nf3 Kc7 31. Nd4 Qg6 32. Qg3+ Qxg3 33. hxg3 Rxg3 34.
Rf7 1-0

[Event "26th WSCC 2016 Open 65+"]
[Site "Marianske Lazne, Czech Republic - Hotel Cristal and Continental"]
[Date "2016.11.22"]
[Round "4.114"]
[White "Svoboda, Jaroslav"]
[Black "Auvinen, Esa"]
[Result "1-0"]
[WhiteElo "1712"]
[BlackElo "1887"]
[PlyCount "69"]
[EventDate "2016.11.19"]

1. d4 Nf6 2. c4 e6 3. Bg5 Be7 4. Nf3 d5 5. Nc3 b6 6. e3 Bb7 7. Rc1 O-O 8. a3
Nbd7 9. b4 a5 10. c5 axb4 11. axb4 bxc5 12. bxc5 c6 13. Be2 Qa5 14. O-O Ba6 15.
h3 Bxe2 16. Nxe2 Qc7 17. Bf4 Qc8 18. g4 Ne4 19. h4 Ra3 20. g5 Qa6 21. Qe1 Bd8
22. Ng3 Nxg3 23. Bxg3 Ba5 24. Qd1 Ra8 25. h5 f6 26. gxf6 gxf6 27. Nh4 Kh8 28.
Qg4 f5 29. Qg5 Bd8 30. Qh6 Bxh4 31. Bxh4 Re8 32. Bf6+ Nxf6 33. Qxf6+ Kg8 34. h6
Qb7 35. Kh1 1-0

[Event "26th WSCC 2016 Open 65+"]
[Site "Marianske Lazne, Czech Republic - Hotel Cristal and Continental"]
[Date "2016.11.22"]
[Round "4.116"]
[White "Do Prado, Hamilton Mesquita"]
[Black "Mortensen, Steen Juul"]
[Result "1-0"]
[WhiteElo "1672"]
[BlackElo "1975"]
[PlyCount "143"]
[EventDate "2016.11.19"]

1. d4 Nf6 2. Bf4 d5 3. e3 c5 4. c3 Nc6 5. Bd3 e6 6. h3 Qb6 7. Qc1 Bd7 8. Nf3
Rc8 9. O-O Be7 10. Nbd2 cxd4 11. exd4 Nb4 12. Bb1 Bb5 13. Re1 Nd3 14. Bxd3 Bxd3
15. Ne5 Bg6 16. Bg3 O-O 17. Nxg6 hxg6 18. Nf3 Ne4 19. Be5 Qd8 20. Qc2 b5 21. a3
a5 22. Qb3 Qb6 23. Rec1 Rc6 24. Bh2 Qb7 25. Ne5 Rb6 26. Qc2 b4 27. axb4 axb4
28. f3 bxc3 29. bxc3 Rb2 30. Rcb1 Ba3 31. fxe4 dxe4 32. Rxb2 Qxb2 33. Ra2 Qxc2
34. Rxc2 Rb8 35. Nc4 Rb1+ 36. Kf2 Be7 37. Bf4 g5 38. Be3 f5 39. Rc1 Rb3 40. g3
Bd8 41. Bd2 Bf6 42. Be3 Rb8 43. Ke2 Rc8 44. Nd2 e5 45. Nb3 f4 46. Bf2 e3 47.
Be1 exd4 48. cxd4 Rxc1 49. Nxc1 Bxd4 50. Nd3 fxg3 51. Bxg3 Kh7 52. Kf3 Kg6 53.
Kg4 Bf6 54. Be1 Bd4 55. Nb4 Be5 56. Nd5 Bd4 57. Bb4 Ba7 58. Bc3 Bc5 59. Kf3 Kh5
60. Be1 Bd4 61. Ne7 Bc5 62. Nf5 Bb6 63. Nxg7+ Kg6 64. Ne8 Kh5 65. Nf6+ Kg6 66.
Nd5 Bd8 67. Nxe3 Kh5 68. Nf5 Bf6 69. Bd2 Bd8 70. Ng7+ Kg6 71. Ne6 Be7 72. Kg4
1-0

[Event "26th WSCC 2016 Open 65+"]
[Site "Marianske Lazne, Czech Republic - Hotel Cristal and Continental"]
[Date "2016.11.22"]
[Round "4.117"]
[White "El Gheiadi, I."]
[Black "Bohman, Leif"]
[Result "0-1"]
[WhiteElo "1918"]
[BlackElo "1749"]
[PlyCount "158"]
[EventDate "2016.11.19"]

1. e4 e6 2. d4 d5 3. Nc3 Nf6 4. e5 Nfd7 5. f4 c5 6. Nf3 Nc6 7. Bb5 a6 8. Bxc6
bxc6 9. O-O cxd4 10. Nxd4 c5 11. Nf3 Be7 12. Kh1 Bb7 13. Qe1 g6 14. Qg3 d4 15.
Ne2 Be4 16. c3 d3 17. Neg1 c4 18. Bd2 Nc5 19. Nh3 Bf5 20. Nf2 Ne4 21. Nxe4 Bxe4
22. Rae1 Bb7 23. Rd1 Rc8 24. Qh3 Bxf3 25. Qxf3 Qd5 26. Qxd5 exd5 27. f5 Kd7 28.
e6+ fxe6 29. fxe6+ Kc6 30. Rf7 Rce8 31. g3 g5 32. Be3 h6 33. Bd4 Rhg8 34. Rh7
Rg6 35. b4 Rxe6 36. a4 Re2 37. Rxh6+ Kb7 38. Rb6+ Kc7 39. Rxa6 d2 40. Rxd2 Rxd2
41. Be5+ Kd7 42. Bd4 Bd6 43. Ra7+ Ke6 44. Be3 Rd1+ 45. Kg2 g4 46. b5 Rd3 47.
Bd4 Rxd4 48. cxd4 Kf5 49. Rf7+ Ke4 50. b6 Kxd4 51. a5 Kc5 52. b7 Bb8 53. h4
gxh3+ 54. Kxh3 Kb5 55. Rd7 Kc6 56. Rf7 Rd8 57. Rf6+ Kb5 58. Kg2 c3 59. Rb6+
Kxa5 60. Rc6 Rd7 61. Rxc3 Rxb7 62. Rc1 Rb4 63. Kf2 Kb5 64. Rc2 Ba7+ 65. Kf3 d4
66. g4 Rb3+ 67. Ke4 Rc3 68. Rb2+ Kc4 69. g5 d3 70. g6 Bd4 71. Rd2 Bg7 72. Rd1
Bh6 73. Rd2 Rb3 74. Rd1 d2 75. Rh1 Bg7 76. Rd1 Kc3 77. Rf1 Kc2 78. Rf7 d1=Q 79.
Rxg7 Qf3+ 0-1

[Event "26th WSCC 2016 Open 65+"]
[Site "Marianske Lazne, Czech Republic - Hotel Cristal and Continental"]
[Date "2016.11.22"]
[Round "4.118"]
[White "Siewert, Wolfgang"]
[Black "Belokopyt, Boris"]
[Result "1/2-1/2"]
[WhiteElo "1753"]
[BlackElo "1898"]
[PlyCount "90"]
[EventDate "2016.11.19"]

1. c4 e5 2. Nc3 Nf6 3. Nf3 Nc6 4. e4 d6 5. h3 Be7 6. d3 Nd4 7. Nxd4 exd4 8. Ne2
c5 9. Nf4 O-O 10. Be2 b5 11. O-O bxc4 12. dxc4 Bb7 13. f3 Nd7 14. Nd5 Bxd5 15.
exd5 Bf6 16. Bd3 Ne5 17. f4 Nxd3 18. Qxd3 Qd7 19. Bd2 Rab8 20. b3 Rfe8 21. Rae1
g6 22. Rxe8+ Rxe8 23. Re1 Rxe1+ 24. Bxe1 Qe7 25. Bd2 Bh4 26. g3 Bf6 27. Kg2 Qe8
28. a4 Bd8 29. Kf3 Qd7 30. Kg2 Kg7 31. Qc2 a5 32. Qd3 h5 33. h4 Qg4 34. Be1 Kf8
35. Kh2 Ke8 36. Qe4+ Kd7 37. Qd3 Kc8 38. Bf2 Kd7 39. Be1 f6 40. Bf2 g5 41. fxg5
fxg5 42. hxg5 Bxg5 43. Be1 Bd8 44. Qh7+ Kc8 45. Qd3 h4 1/2-1/2

[Event "26th WSCC 2016 Open 65+"]
[Site "Marianske Lazne, Czech Republic - Hotel Cristal and Continental"]
[Date "2016.11.22"]
[Round "4.119"]
[White "Brhlik, Antonin"]
[Black "Pihlajamaki, Antti"]
[Result "1/2-1/2"]
[WhiteElo "1732"]
[BlackElo "1848"]
[PlyCount "42"]
[EventDate "2016.11.19"]

1. e4 c6 2. d4 d5 3. Nc3 dxe4 4. Nxe4 Bf5 5. Ng3 Bg6 6. Nf3 Nd7 7. h4 h6 8. h5
Bh7 9. Bd3 Bxd3 10. Qxd3 e6 11. Bf4 Ngf6 12. O-O-O Qa5 13. Kb1 Nd5 14. Bd2 Qc7
15. Ne5 Nxe5 16. dxe5 O-O-O 17. Qe2 Bc5 18. f4 Qb6 19. Qf3 a5 20. Qb3 Qxb3 21.
axb3 b6 1/2-1/2

[Event "26th WSCC 2016 Open 65+"]
[Site "Marianske Lazne, Czech Republic - Hotel Cristal and Continental"]
[Date "2016.11.22"]
[Round "4.120"]
[White "Kummer, Heinz"]
[Black "Korenevski, Oleg"]
[Result "1/2-1/2"]
[WhiteElo "1702"]
[BlackElo "1823"]
[PlyCount "55"]
[EventDate "2016.11.19"]

1. e4 e5 2. Bc4 Nc6 3. Nf3 Bc5 4. O-O Nf6 5. d4 exd4 6. e5 d5 7. Bb5 Ne4 8.
Bxc6+ bxc6 9. Nxd4 Bd7 10. Be3 Qe7 11. Nd2 Nxd2 12. Qxd2 O-O 13. c3 Qxe5 14.
Bf4 Qf6 15. Bxc7 Rac8 16. Bg3 Rfe8 17. Rad1 h5 18. h4 g6 19. Rfe1 Bb6 20. Nc2
Bf5 21. Nd4 Be4 22. Kh2 c5 23. Nb5 Red8 24. Qg5 Qc6 25. f3 Bc2 26. Rd2 Bf5 27.
Re5 Be6 28. Qh6 1/2-1/2

[Event "26th WSCC 2016 Open 65+"]
[Site "Marianske Lazne, Czech Republic - Hotel Cristal and Continental"]
[Date "2016.11.22"]
[Round "4.122"]
[White "Kosina, Vladimir"]
[Black "Weyand, Fernand"]
[Result "1-0"]
[WhiteElo "1715"]
[BlackElo "1816"]
[PlyCount "77"]
[EventDate "2016.11.19"]

1. d4 d5 2. c4 c6 3. Nf3 Nf6 4. g3 Bg4 5. Bg2 e6 6. O-O Nbd7 7. Nc3 dxc4 8. a4
a5 9. Qc2 Bb4 10. Rd1 O-O 11. e4 Qe7 12. e5 Nd5 13. Ne4 Bf5 14. Nh4 b5 15. axb5
cxb5 16. Nxf5 exf5 17. Nc3 Bxc3 18. Bxd5 Bxb2 19. Bxb2 Ra7 20. Qxf5 Nb6 21. Be4
g6 22. Qf4 b4 23. d5 c3 24. Bc1 b3 25. Be3 c2 26. Bxb6 cxd1=Q+ 27. Rxd1 Ra6 28.
d6 Qd7 29. Bd4 a4 30. Qf6 a3 31. e6 fxe6 32. Qh8+ Kf7 33. Qxh7+ Ke8 34. Bxg6+
Kd8 35. Qh4+ Kc8 36. Rc1+ Kb8 37. Bd3 Rxd6 38. Be5 b2 39. Qb4+ 1-0

[Event "26th WSCC 2016 Open 65+"]
[Site "Marianske Lazne, Czech Republic - Hotel Cristal and Continental"]
[Date "2016.11.22"]
[Round "4.123"]
[White "Haupt, Joachim"]
[Black "Nielsen, Peter"]
[Result "1/2-1/2"]
[WhiteElo "1812"]
[BlackElo "1713"]
[PlyCount "47"]
[EventDate "2016.11.19"]

1. c4 c5 2. Nf3 Nc6 3. g3 g6 4. Bg2 Bg7 5. Nc3 e5 6. O-O Nge7 7. d3 O-O 8. Be3
d6 9. Qc1 Rb8 10. Bh6 Bd7 11. h3 a6 12. Bxg7 Kxg7 13. Nd2 b5 14. b3 b4 15. Nd5
Nxd5 16. cxd5 Nd4 17. Re1 f5 18. Nc4 Qc7 19. e3 Nb5 20. f4 exf4 21. gxf4 Qd8
22. Qb2+ Qf6 23. Qxf6+ Rxf6 24. Rac1 1/2-1/2

[Event "26th WSCC 2016 Open 65+"]
[Site "Marianske Lazne, Czech Republic - Hotel Cristal and Continental"]
[Date "2016.11.22"]
[Round "4.124"]
[White "Benes, Karel"]
[Black "Lacha, Jan"]
[Result "0-1"]
[WhiteElo "1700"]
[BlackElo "1796"]
[PlyCount "74"]
[EventDate "2016.11.19"]

1. e4 e6 2. Nf3 d5 3. exd5 exd5 4. d4 Nf6 5. Bg5 Be7 6. Bd3 O-O 7. O-O Bg4 8.
Nbd2 Nbd7 9. c3 Re8 10. Qc2 Bxf3 11. Nxf3 Ne4 12. Bxe7 Qxe7 13. Rae1 f5 14. Re2
Qf7 15. Rfe1 Qh5 16. Qb3 Nb6 17. Bxe4 fxe4 18. Rxe4 Rxe4 19. Rxe4 Rf8 20. Re5
Qg6 21. Qd1 Rxf3 22. Qe1 Rf8 23. h3 c6 24. b3 Nc8 25. Qe2 Nd6 26. Re7 Re8 27.
Qe5 Rxe7 28. Qxe7 h6 29. Qd8+ Kh7 30. Qb8 a6 31. a4 Qe6 32. Kh2 Qf6 33. Kg1 Ne4
34. f3 Nxc3 35. Qe5 Qxe5 36. dxe5 g5 37. Kf2 Kg6 0-1

[Event "26th WSCC 2016 Open 65+"]
[Site "Marianske Lazne, Czech Republic - Hotel Cristal and Continental"]
[Date "2016.11.22"]
[Round "4.125"]
[White "Zak, Jiri"]
[Black "Kasik, Miroslav"]
[Result "1/2-1/2"]
[WhiteElo "1628"]
[BlackElo "1779"]
[PlyCount "28"]
[EventDate "2016.11.19"]

1. d4 d5 2. c4 e6 3. Nc3 Nf6 4. Bg5 Be7 5. e3 O-O 6. Nf3 h6 7. Bh4 b6 8. Bd3
dxc4 9. Bxc4 Bb7 10. Rc1 Nbd7 11. O-O c5 12. Qe2 Ne4 13. Bxe7 Qxe7 14. Nxe4
Bxe4 1/2-1/2

[Event "26th WSCC 2016 Open 65+"]
[Site "Marianske Lazne, Czech Republic - Hotel Cristal and Continental"]
[Date "2016.11.22"]
[Round "4.126"]
[White "Schramek, Kurt"]
[Black "Dvorak, Pavel"]
[Result "1/2-1/2"]
[WhiteElo "1602"]
[BlackElo "1753"]
[PlyCount "40"]
[EventDate "2016.11.19"]

1. d4 Nf6 2. Bf4 d5 3. e3 c6 4. c4 e6 5. Nc3 a6 6. c5 Nbd7 7. Nf3 b6 8. b4 Be7
9. h3 O-O 10. Bd3 Nh5 11. Bh2 g6 12. O-O f5 13. Ne5 Nxe5 14. Bxe5 Nf6 15. Be2
Nd7 16. f4 Nxe5 17. fxe5 Bd7 18. g3 b5 19. a4 Qc7 20. Qd2 Ra7 1/2-1/2

[Event "26th WSCC 2016 Open 65+"]
[Site "Marianske Lazne, Czech Republic - Hotel Cristal and Continental"]
[Date "2016.11.22"]
[Round "4.127"]
[White "Patola, Eero"]
[Black "Svoboda, Zdenek"]
[Result "1-0"]
[WhiteElo "1862"]
[BlackElo "1659"]
[PlyCount "85"]
[EventDate "2016.11.19"]

1. c4 c6 2. Nc3 Nf6 3. e4 e5 4. g3 Bb4 5. Nge2 d6 6. h3 Be6 7. d3 h6 8. Bg2 Qd7
9. f4 Qc7 10. f5 Bd7 11. O-O Qb6+ 12. Kh2 Qd8 13. Be3 Na6 14. a3 Ba5 15. b4 Bb6
16. d4 c5 17. dxc5 dxc5 18. b5 Nc7 19. Qd6 Qe7 20. Qxe7+ Kxe7 21. Na4 Nxb5 22.
Nxb6 axb6 23. cxb5 Bxb5 24. Rfe1 Bd3 25. Nc3 Rhd8 26. g4 Rd6 27. g5 Ng8 28.
Red1 c4 29. gxh6 Nxh6 30. Bxb6 Kd7 31. Bf2 Rda6 32. Bc5 Kc6 33. Bb4 Rd8 34. Bf1
Rd4 35. Bxd3 cxd3 36. Rac1 Kd7 37. Rd2 Ng8 38. Rg1 g6 39. fxg6 fxg6 40. Rg3 Rf6
41. Kg2 Rf4 42. Rgxd3 Rxd3 43. Rxd3+ 1-0

[Event "26th WSCC 2016 Open 65+"]
[Site "Marianske Lazne, Czech Republic - Hotel Cristal and Continental"]
[Date "2016.11.22"]
[Round "4.128"]
[White "Rehak, Jiri"]
[Black "Zelenka, Pavel"]
[Result "1-0"]
[WhiteElo "1846"]
[BlackElo "1563"]
[PlyCount "43"]
[EventDate "2016.11.19"]

1. e4 e6 2. c4 c5 3. Nc3 Nc6 4. Nf3 g6 5. d4 d5 6. exd5 exd5 7. Qe2+ Qe7 8.
Nxd5 Qxe2+ 9. Bxe2 Kd7 10. Be3 cxd4 11. Nxd4 Nb4 12. Nc3 Bh6 13. O-O Bxe3 14.
fxe3 f5 15. Rad1 Ke7 16. Bf3 Nf6 17. a3 Na6 18. b4 Nc7 19. e4 fxe4 20. Nxe4
Nxe4 21. Bxe4 Bg4 22. Rde1 1-0

[Event "26th WSCC 2016 Open 65+"]
[Site "Marianske Lazne, Czech Republic - Hotel Cristal and Continental"]
[Date "2016.11.22"]
[Round "4.129"]
[White "Zikavsky, Rudolf"]
[Black "Feco, Jan"]
[Result "0-1"]
[WhiteElo "1632"]
[BlackElo "1761"]
[PlyCount "33"]
[EventDate "2016.11.19"]

1. d4 Nf6 2. c4 e5 3. d5 Bb4+ 4. Bd2 Bxd2+ 5. Nxd2 d6 6. e4 O-O 7. f3 Nh5 8. g3
f5 9. f4 g6 10. Be2 Nxf4 11. Qb3 Nxe2 12. Nxe2 Nd7 13. Qe3 Nc5 14. Nc3 f4 15.
Qf3 Qg5 16. O-O Bh3 17. Rf2 0-1

[Event "26th WSCC 2016 Open 65+"]
[Site "Marianske Lazne, Czech Republic - Hotel Cristal and Continental"]
[Date "2016.11.22"]
[Round "4.130"]
[White "Dvorsky, David"]
[Black "Peierl, Walter"]
[Result "0-1"]
[WhiteElo "1594"]
[BlackElo "1741"]
[PlyCount "70"]
[EventDate "2016.11.19"]

1. e4 e6 2. d4 d5 3. Nc3 Bb4 4. e5 c5 5. a3 Bxc3+ 6. bxc3 Qc7 7. Bb5+ Nc6 8.
Bb2 Bd7 9. Bxc6 Bxc6 10. f4 cxd4 11. Qxd4 Ne7 12. g4 Bd7 13. Ne2 Nc6 14. Qc5 b6
15. Qf2 Na5 16. O-O Nc4 17. Bc1 O-O-O 18. Re1 f6 19. exf6 gxf6 20. Rb1 Rdg8 21.
h3 h5 22. Qg3 hxg4 23. hxg4 e5 24. g5 Rh3 25. Qf2 Rgh8 26. Qg2 Bc6 27. fxe5 d4
28. Qg4+ Kb7 29. Bf4 fxe5 30. Bxe5 Nxe5 31. Kf2 Nc4 32. Rg1 Rh2+ 33. Ke1 Re8
34. Kd1 Ne3+ 35. Kc1 Nxg4 0-1

[Event "26th WSCC 2016 Open 65+"]
[Site "Marianske Lazne, Czech Republic - Hotel Cristal and Continental"]
[Date "2016.11.22"]
[Round "4.131"]
[White "Hasberger, Walter"]
[Black "Kympergr, Vojtech"]
[Result "1-0"]
[WhiteElo "1739"]
[BlackElo "1506"]
[PlyCount "109"]
[EventDate "2016.11.19"]

1. e4 d6 2. d4 Nf6 3. Nc3 g6 4. Nf3 Bg7 5. Bc4 O-O 6. h3 Nbd7 7. O-O Nb6 8. Bb3
c6 9. Be3 a5 10. a4 Qc7 11. Qd2 Nbd7 12. Bc4 Nb6 13. Bd3 Be6 14. Bh6 Bc4 15.
Bxg7 Kxg7 16. Qe2 Bxd3 17. Qxd3 Rad8 18. b3 e5 19. Rad1 exd4 20. Nxd4 Qe7 21.
Rfe1 Qc7 22. Qg3 Kh8 23. Qg5 Ng8 $11 24. f4 h6 25. Qg4 Kh7 26. h4 Nf6 27. Qf3
Qd7 28. f5 Rg8 29. Rd3 c5 30. fxg6+ Rxg6 31. Nf5 Ng8 32. h5 Rg5 33. Rxd6 Qc7
34. Rxd8 Qxd8 35. Rd1 Qf6 36. Rd6 Rxf5 37. Qxf5+ Qxf5 38. exf5 Nc8 39. Rd7 Kg7
40. Rxb7 Nd6 41. Ra7 Nxf5 42. Rxa5 Ne3 43. Rxc5 Nxc2 44. a5 Nb4 45. Nd5 Nxd5
46. Rxd5 Nf6 47. Rf5 Nd7 48. b4 f6 49. b5 Kf7 50. b6 Ke6 51. Rb5 Kd6 52. b7 Kc7
53. a6 Kb8 54. Rd5 Nb6 55. Rd8+ 1-0

[Event "26th WSCC 2016 Open 65+"]
[Site "Marianske Lazne, Czech Republic - Hotel Cristal and Continental"]
[Date "2016.11.22"]
[Round "4.132"]
[White "Ostrowski, Michal"]
[Black "Zilbershtein, Victor"]
[Result "0-1"]
[WhiteElo "1223"]
[BlackElo "1716"]
[PlyCount "39"]
[EventDate "2016.11.19"]

1. Nc3 d5 2. e4 d4 3. Nce2 c5 4. Ng3 e5 5. Bc4 Be7 6. Nf3 Nc6 7. a3 Nf6 8. d3
O-O 9. Bd2 a6 10. O-O b5 11. Ba2 Qc7 12. Qc1 Bg4 13. Ne1 Be6 14. Bb1 c4 15. f4
c3 16. bxc3 dxc3 17. Bxc3 Qb6+ 18. Kh1 Ng4 19. Qd2 exf4 20. Qxf4 0-1

[Event "26th WSCC 2016 Open 65+"]
[Site "Marianske Lazne, Czech Republic - Hotel Cristal and Continental"]
[Date "2016.11.23"]
[Round "5.1"]
[White "Kierzek, Matthias"]
[Black "Birnboim, Nathan"]
[Result "1/2-1/2"]
[WhiteElo "2189"]
[BlackElo "2365"]
[PlyCount "98"]
[EventDate "2016.11.19"]

1. d4 e6 2. c4 Bb4+ 3. Bd2 a5 4. Nf3 d6 5. g3 Nc6 6. Bg2 e5 7. Bxb4 axb4 8.
dxe5 dxe5 9. Qxd8+ Kxd8 10. Nbd2 Ke7 11. O-O Nf6 12. Nb3 Rd8 13. Rfc1 Ra7 14.
a3 bxa3 15. Rxa3 Rxa3 16. bxa3 h6 17. Ne1 e4 18. Nc2 b6 19. Nb4 Nxb4 20. axb4
Be6 21. b5 Ra8 22. Nd4 Ra4 23. Nxe6 Kxe6 24. c5 Nd5 25. cxb6 cxb6 26. f3 f5 27.
fxe4 fxe4 28. Bh3+ Ke5 29. Bd7 Rb4 30. Bc6 Nf6 31. h3 Rb3 32. Kf2 h5 33. Ra1
Nd5 34. Bxd5 Kxd5 35. Ra7 Rxb5 36. Rxg7 Kd4 37. Rd7+ Rd5 38. Rxd5+ Kxd5 39. Ke3
b5 40. g4 hxg4 41. hxg4 b4 42. g5 b3 43. g6 Ke6 44. Kd2 Kf6 45. Kc3 Kxg6 46.
Kxb3 e3 47. Kc4 Kf6 48. Kd4 Ke6 49. Kxe3 Ke5 1/2-1/2

[Event "26th WSCC 2016 Open 65+"]
[Site "Marianske Lazne, Czech Republic - Hotel Cristal and Continental"]
[Date "2016.11.23"]
[Round "5.3"]
[White "Zhelnin, Vladimir V"]
[Black "Pushkov, Nikolai"]
[Result "1/2-1/2"]
[WhiteElo "2453"]
[BlackElo "2325"]
[PlyCount "26"]
[EventDate "2016.11.19"]

1. d4 d5 2. Nf3 Nf6 3. c4 c6 4. cxd5 cxd5 5. Nc3 Nc6 6. Bf4 Bf5 7. e3 e6 8. Bd3
Bxd3 9. Qxd3 Bd6 10. Bxd6 Qxd6 11. O-O O-O 12. Rfc1 Rfc8 13. h3 h6 1/2-1/2

[Event "26th WSCC 2016 Open 65+"]
[Site "Marianske Lazne, Czech Republic - Hotel Cristal and Continental"]
[Date "2016.11.23"]
[Round "5.4"]
[White "Khanukov, Boris"]
[Black "Okhotnik, Vladimir"]
[Result "1-0"]
[WhiteElo "2320"]
[BlackElo "2434"]
[PlyCount "97"]
[EventDate "2016.11.19"]

1. d4 Nf6 2. Nf3 g6 3. g3 Bg7 4. Bg2 c5 5. d5 d6 6. O-O O-O 7. Nc3 a6 8. a4 e5
9. e4 Bg4 10. h3 Bxf3 11. Qxf3 Nbd7 12. Qe2 Ne8 13. h4 f5 14. Bg5 Bf6 15. Bh6
Ng7 16. Bh3 f4 17. Be6+ Kh8 18. Qg4 Nb6 19. a5 Nc8 20. gxf4 exf4 21. Bxf4 Bxh4
22. Bg3 Bf6 23. Kg2 Nh5 24. Rh1 Be5 25. Bh4 Qc7 26. Bg5 Qg7 27. Ra3 Na7 28. Rb3
Nb5 29. Nxb5 c4 30. Rb4 axb5 31. Rxb5 Bf4 32. Bh4 Be5 33. Bg3 Bxg3 34. fxg3 Qd4
35. Qe2 Rf6 36. e5 Nxg3 37. Rxb7 h5 38. Kxg3 Qf4+ 39. Kh3 dxe5 40. Re1 Raf8 41.
Qe3 g5 42. Qxf4 Rxf4 43. Re3 Rf1 44. Rf7 g4+ 45. Kh4 Rh1+ 46. Kg5 Rxf7 47. Bxf7
Kg7 48. Bxh5 Rd1 49. Rxe5 1-0

[Event "26th WSCC 2016 Open 65+"]
[Site "Marianske Lazne, Czech Republic - Hotel Cristal and Continental"]
[Date "2016.11.23"]
[Round "5.5"]
[White "Jansa, Vlastimil"]
[Black "Mishuchkov, Nikolai M"]
[Result "1/2-1/2"]
[WhiteElo "2418"]
[BlackElo "2319"]
[PlyCount "136"]
[EventDate "2016.11.19"]

1. e4 c5 2. Nf3 e6 3. d4 cxd4 4. Nxd4 Nc6 5. Nc3 a6 6. g3 Qc7 7. Bg2 Nge7 8.
Nb3 d6 9. O-O g6 10. Be3 Bg7 11. Qe2 O-O 12. f4 Bd7 13. Rad1 b5 14. Qd2 Nc8 15.
e5 d5 16. Bc5 Rd8 17. Qf2 N6e7 18. g4 a5 19. a3 Ra6 20. Rd3 Re8 21. Ne2 a4 22.
Nbc1 Rc6 23. Rc3 Nb6 24. Nd3 Nc4 25. Bxe7 Rxe7 26. Nd4 Ra6 27. Nb4 Ra7 28. b3
axb3 29. cxb3 Rxa3 30. Rfc1 g5 31. bxc4 Rxc3 32. Rxc3 gxf4 33. c5 Qxe5 34. Rd3
Be8 35. Bf3 Rc7 36. c6 Rc8 37. Qd2 Qd6 38. Kg2 Bf8 39. Rb3 Qc5 40. Qxf4 Bg7 41.
Ne2 Bxc6 42. Rb1 Bd7 43. Rc1 Qf8 44. Rxc8 Qxc8 45. Nd3 Qc4 46. Qb8+ Qc8 47. Qb6
Bf6 48. Ndf4 Bd8 49. Qd4 Qc4 50. Qa7 Qc7 51. Qa1 Bc6 52. Qc3 Be8 53. Qb2 Qe7
54. Nh5 f6 55. Nhf4 Qd6 56. Qd2 Bf7 57. Ng3 Bc7 58. Nd3 Bg6 59. Qc3 Kf7 60. Qb3
Qc6 61. Be2 Be4+ 62. Nxe4 dxe4 63. Ne1 Qd6 64. Qg3 Qc5 65. Qh3 Kg7 66. Qb3 Qe5
67. Qg3 Qc5 68. Qb3 Qe5 1/2-1/2

[Event "26th WSCC 2016 Open 65+"]
[Site "Marianske Lazne, Czech Republic - Hotel Cristal and Continental"]
[Date "2016.11.23"]
[Round "5.6"]
[White "Neckar, Lubomir"]
[Black "Vasiukov, Evgeni"]
[Result "0-1"]
[WhiteElo "2319"]
[BlackElo "2405"]
[PlyCount "114"]
[EventDate "2016.11.19"]

1. Nf3 g6 2. g3 Bg7 3. d4 c5 4. c3 Na6 5. Bg2 Nf6 6. O-O O-O 7. Nbd2 d6 8. a3
Qc7 9. e4 Bd7 10. Re1 cxd4 11. cxd4 Rac8 12. e5 dxe5 13. Nxe5 Be6 14. Ndf3 Qb6
15. b4 Nc7 16. Nd3 Rfe8 17. Nc5 Bd5 18. Bf4 Nb5 19. Be5 Qd8 20. Qd3 Nd6 21. Nd2
Bxg2 22. Kxg2 b6 23. Ncb3 Qd7 24. a4 Nd5 25. Bxd6 Qxd6 26. Qf3 Nxb4 27. Ne4 Qd7
28. Red1 a5 29. Nc3 Rc6 30. Nb5 Rec8 31. Rd2 Rc4 32. Rad1 Nd5 33. Ra1 e6 34.
Rd3 Rb4 35. Nd2 Bh6 36. Ne4 Bg7 37. h4 h6 38. Rdd1 Rc2 39. Rac1 Rbb2 40. Rxc2
Rxc2 41. Qb3 Qc6 42. Kg1 Rc4 43. Ned6 Rb4 44. Qa2 Bf8 45. Ne4 Qc4 46. Qxc4 Rxc4
47. Ra1 Bb4 48. f3 Kg7 49. Kf1 Rc2 50. Nf2 Nc3 51. Na3 Rd2 52. Nc4 Rxd4 53.
Nxb6 Bc5 54. Rc1 Rd2 55. Nh3 Bd4 56. Nc4 Rh2 57. Ne3 Rh1+ 0-1